01661nam a2200241 450000500170000000800370001704100080005408200180006211000290008024501290010925000180023830000450025649000280030152008170032965000320114665000380117865000450121626400350126133600270129633700330132333800280135604000350138420220317001839.0170410s2014 c g 000 0 s aspa04a523.112bD37c2 aDiscovery Communications10aColisiones cósmicasbgalaxias, parte 2 = Cosmic collisionsbgalaxies, part 2cDiscovery Communicationshvideodisco digital a1a. edición a1 DVD (23 minutos)bsonido, colorc12 cm aDiscovery en la escuela aLa gravedad es la fuerza que lo mueve todo y nuestro universo permanece en constante movimiento gracias a ella, generando que las colisiones cósmicas sean una realidad que no podemos desconocer... las galaxias chocan entre sí, las estrellas chocan con la violencia de varias bombas nucleares, dando lugar a la creación de nuevos planetas, asteroides y hoyos negros, pero estas explosiones pueden ser mortales y el riesgo es latente para el mundo como lo conocemos, incluso nuestra propia galaxia marcha hacia un enfrentamiento con su vecino galáctico más cercano: Andrómeda. Galaxias colisiones cósmicas es un viaje a través del espacio reconociendo que las batallas cósmicas entre los cuerpos celestes pueden llevarnos a un cataclismo de proporciones hasta ahora desconocidas por el ser humano142LEMBaGalaxiasvVideodiscos142LEMBaVía lácteavVideodiscos142LEMBaColisiones espacialesvVideodiscos aBogotábMS Tv & Videosc2014 atextobtxt2rdacontent asin mediaciónbn2rdamedia avolumenbnc2rdacarrier aCO-BoRNBPbspaerdacCO-BoRNBP